2010s U.S. Pop Culture - Statistics

General Stats
  • This quiz has been taken 36,734 times
  • The average score is 16 of 20
Answer Stats
Question Answer % Correct
What invention helped people take a selfie from further away? Selfie Stick
97%
Complete the song lyric: "Hey, I just met you / and this is crazy / But here's my number, so ____ __ _____". Call Me Maybe
96%
What popular phone app had a ghost as its logo? Snapchat
94%
On what dating app did people swipe left or right to indicate potential interest? Tinder
94%
What did YOLO stand for? You Only Live Once
94%
What was the challenge where people poured cold water over their heads to "raise awareness" for ALS? Ice Bucket Challenge
91%
What object was either white and gold or blue and black, depending on your opinion? The Dress
90%
What type of animal was Harambe, who was shot and killed at a zoo in 2016? Gorilla
88%
What naughty dance move did Miley Cyrus perform at an awards show in 2013? Twerking
88%
What vegetable (maybe a fruit) did people put on toast, causing millenials to not be able to afford houses? Avocado
84%
What dance move was popular with children, and is also something you might do to your teeth? Flossing
83%
What reality TV star, and former decathlete, shocked the world by changing gender? Caitlyn Jenner
81%
Which district did Katniss Evedeen come from in "The Hunger Games"? District 12
79%
What ancient civilization supposedly predicted that the world would end in 2012? The Mayans
77%
What laundry detergent capsules did people pretend to consume? Tide Pods
75%
What did the letters GF signify on restaurant menus? Gluten Free
74%
What four-letter word described people whose "eyes had been opened" to the social justice movement? Woke
69%
During what month-long event did men grow mustaches to "raise awareness" about prostate cancer? Movember
55%
What city became infamous for its lead-tainted water (even though other cities were worse)? Flint
52%
What street did the Occupy movement occupy? Wall Street
48%
No matching quizzes found
Score Distribution
Percent of People with Each Score
Percentile by Number Answered
Your Score History
You have not taken this quiz